000 00895cab a22002175a 4500
001 L152883
008 110510e20110507xxk 000 0 eng d
035 _a(Sirsi) u152883
041 0 _aeng
100 1 _aRedman, Nicholas
245 0 0 _aBringing its own reward
260 _c2011
490 _aEstates Gazette
_v(1118) 7 May 2011, 103(1)
520 _aOutlines key provisions of the RICS Service charges in commercial property code of practice including similarities between the 2006 and 2011 editions. The 2011 code also includes emphasis on communication and sustainability issues.
590 _aKA
650 2 4 _aRICS SERVICE CHARGES IN COMMERCIAL PROPERTY CODE OF PRACTICE 2011
651 4 _aUnited Kingdom
_y
690 _aPROPERTY-COMMERCIAL PROPERTY-LEASEHOLD COMMERCIAL PROPERTY-COMMERCIAL LANDLORD AND TENANT-COMMERCIAL SERVICE CHARGES
700 1 _aBagust, Paul
942 _n0
999 _c83133
_d83133